000 00976nam a2200289 i 4500
001 000010678
003 DO-SdBNP
005 20251113084142.0
007 ta
008 091009t1984 dr a 001 p spa d
040 _aDO-SdBNP
_bspa
_cBNPHU
_erda
041 _aspa
082 4 _aRD861.44
_bN964r
_222
100 1 _aNuñez Polanco, Diómedes
_d1952-
_eautor
_4aut.
_983559
245 1 3 _aLa rebelión de los vientos /
_cDiómedes Núñez Polanco.
264 _aSanto Domingo, República Dominicana :
_bEditora Alfa y Omega,
_c1984.
300 _a133 páginas :
_bilustraciones ;
_c21 cm.
336 _atexto
_btxt
_2rdacontent
337 _asin mediación
_bn
_2rdamedia
338 _avolumen
_bnc
_2rdacarrier
500 _aIncluye datos biográficos del autor en la contracubierta.
590 _aInventariado, 2018/LP
650 0 _aPoesía dominicana
_966
650 0 _aLiteratura dominicana.
_967
910 _aValidado. Control de calidad EMS.
942 _2ddc
_cLBS1
999 _c10433
_d10433